Gender equality and inequality in rural India: Blessed with a son (Record no. 1394560)

MARC details
000 -LEADER
fixed length control field 00625nam a2200205Ia 4500
005 - DATE AND TIME OF LATEST TRANSACTION
control field 20250508165335.0
008 - FIXED-LENGTH DATA ELEMENTS--GENERAL INFORMATION
fixed length control field 008 250505s9999 xx 000 0 eng d
020 ## - INTERNATIONAL STANDARD BOOK NUMBER
International Standard Book Number 978-1-4094-2236-5
037 ## - SOURCE OF ACQUISITION
Stock number Reference
040 ## - CATALOGING SOURCE
Original cataloging agency FEDL
Language of cataloging eng
Transcribing agency FEDL
041 ## - LANGUAGE CODE
Language code of text/sound track or separate title eng
Source of code eng
084 ## - COLON CLASSIFICATION NUMBER
Classification number 305.800 954, VLA/RR
Assigning agency FEDL
100 ## - MAIN ENTRY--PERSONAL NAME
Personal name Vlassoff Carol
9 (RLIN) 780535
245 #0 - TITLE STATEMENT
Title Gender equality and inequality in rural India: Blessed with a son
260 ## - PUBLICATION, DISTRIBUTION, ETC.
Place of publication, distribution, etc. Hampshire, UK
Name of publisher, distributor, etc. Palgrave Macmilllan
Date of publication, distribution, etc. 2013
300 ## - PHYSICAL DESCRIPTION
Extent xxii, 203p.
365 ## - TRADE PRICE
Price type code GBP
Price amount 69
942 ## - ADDED ENTRY ELEMENTS (KOHA)
Koha item type Reference
Classification part 305.800 954, VLA/RR
Holdings
Withdrawn status Lost status Damaged status Not for loan Home library Current library Date acquired Cost, normal purchase price Total Checkouts Full call number Barcode Date last seen Price effective from Koha item type
        Department of Education Library Department of Education Library 2025-05-08 69.00   305.800 954, VLA/RR EL0088199 2025-05-08 2025-05-08 Reference
Copyright @ Delhi University Library System